El saneamiento de San Sebastián (Record no. 51942)

MARC details
000 -LEADER
campo de control de longitud fija 00828nam a2200193 i 4500
001 - NÚMERO DE CONTROL
campo de control 51942
003 - IDENTIFICADOR DE NÚMERO DE CONTROL
campo de control ES-MaACL
005 - FECHA Y HORA DE LA ÚLTIMA TRANSACCIÓN
campo de control 20230906162457.0
007 - CAMPO FIJO DE DESCRIPCIÓN FÍSICA--INFORMACIÓN GENERAL
campo de control de longitud fija t|
008 - DATOS DE LONGITUD FIJA--INFORMACIÓN GENERAL
campo de control de longitud fija 030821s1897 sp |||| | spa d
100 1# - ENTRADA PRINCIPAL--NOMBRE DE PERSONA
Nombre de persona Chicote, César.
9 (RLIN) 38494
245 13 - MENCIÓN DEL TÍTULO
Título El saneamiento de San Sebastián
Resto del título : informe de un anteproyecto de saneamiento de la parte antigua /
Mención de responsabilidad, etc. por César Chicote.
260 ## - PUBLICACIÓN, DISTRIBUCIÓN, ETC.
Lugar de publicación, distribución, etc. San Sebastián :
Nombre del editor, distribuidor, etc. [s.n.],
Fecha de publicación, distribución, etc. 1897 (
Fabricante Imp. de J. Baroja e Hijo)
300 ## - DESCRIPCIÓN FÍSICA
Extensión 25 p. ;
Dimensiones 27 cm.
530 ## - NOTA DISPONIBLE DE FORMULARIO FÍSICO ADICIONAL
Nota de formato físico adicional disponible Disponible en formato digital.
650 #4 - PUNTO DE ACCESO ADICIONAL DE MATERIA--TÉRMINO DE MATERIA
Término de materia o nombre geográfico como elemento de entrada Salubridad pública-
Subdivisión geográfica San Sebastián.
9 (RLIN) 166318
852 ## - LOCALIZACIÓN
Ubicación ES-MaACL
Número de control de estantería R-1748(3)
Nota libre - Encuadernado con otras obras
Encuadernación Olim : T-651-F
856 ## - LOCALIZACIÓN Y ACCESO ELECTRÓNICOS
Identificador Uniforme de Recursos <a href="http://bibliotecavirtual.ranf.com/i18n/consulta/registro.cmd?id=11115">http://bibliotecavirtual.ranf.com/i18n/consulta/registro.cmd?id=11115</a>
Nota pública Biblioteca Virtual de la Real Academia Nacional de Farmacia
Holdings
Estatus retirado Estado de pérdida Estado de daño No para préstamo Colección Biblioteca de origen Biblioteca actual Ubicación en estantería Fecha de adquisición Fuente de adquisición Total de préstamos Signatura topográfica completa Código de barras Visto por última vez Precio de reemplazo Tipo de ítem Koha
        Colección digital Biblioteca del Ateneo de Madrid Biblioteca del Ateneo de Madrid Depósito 17/01/2008     R-1748(3) 1054613 23/02/2023 23/02/2023 Libro impreso antiguo